<?xml version="1.0" encoding="UTF-8"?><?xml-stylesheet type="text/xsl" href="static/style.xsl"?><OAI-PMH xmlns="http://www.openarchives.org/OAI/2.0/" xmlns:xsi="http://www.w3.org/2001/XMLSchema-instance" xsi:schemaLocation="http://www.openarchives.org/OAI/2.0/ http://www.openarchives.org/OAI/2.0/OAI-PMH.xsd"><responseDate>2026-04-17T13:50:00Z</responseDate><request verb="GetRecord" identifier="oai:www.recercat.cat:20.500.12327/952" metadataPrefix="marc">https://recercat.cat/oai/request</request><GetRecord><record><header><identifier>oai:recercat.cat:20.500.12327/952</identifier><datestamp>2025-10-22T11:05:03Z</datestamp><setSpec>com_2072_4428</setSpec><setSpec>com_2072_4427</setSpec><setSpec>col_2072_487898</setSpec></header><metadata><record xmlns="http://www.loc.gov/MARC21/slim" xmlns:dcterms="http://purl.org/dc/terms/" xmlns:xsi="http://www.w3.org/2001/XMLSchema-instance" xmlns:doc="http://www.lyncode.com/xoai" xsi:schemaLocation="http://www.loc.gov/MARC21/slim http://www.loc.gov/standards/marcxml/schema/MARC21slim.xsd">
   <leader>00925njm 22002777a 4500</leader>
   <datafield ind2=" " ind1=" " tag="042">
      <subfield code="a">dc</subfield>
   </datafield>
   <datafield ind2=" " ind1=" " tag="720">
      <subfield code="a">Arús, Pere</subfield>
      <subfield code="e">author</subfield>
   </datafield>
   <datafield ind2=" " ind1=" " tag="260">
      <subfield code="c">2020</subfield>
   </datafield>
   <datafield ind2=" " ind1=" " tag="520">
      <subfield code="a">Guaranteeing access to food for a growing human population – based on sustainability criteria and in the face of the climate change threat – is the main challenge for twenty-first-century agriculture. The solutions are inevitably complex, require a variety of coordinated measures, and essentially, are dependent on the progress of science and the development of technologies to make more efficient use of available resources to increase crop yields and food quality to feed the world. Technologies such as genomics, computing, robotics, and nanotechnology, along with their correct application – which will require highly qualified users – will also be crucial elements to reach these objectives.</subfield>
   </datafield>
   <datafield ind1="8" ind2=" " tag="024">
      <subfield code="a">Arús, Pere. 2020. "Agriculture Of The Future: Science And Technology For Sustainable Agricultural Development". Mètode Science Studies Journal: Annual Review, no. 10: 33-39. https://dialnet.unirioja.es/servlet/articulo?codigo=7215033.</subfield>
   </datafield>
   <datafield ind1="8" ind2=" " tag="024">
      <subfield code="a">2174-3487</subfield>
   </datafield>
   <datafield ind1="8" ind2=" " tag="024">
      <subfield code="a">http://hdl.handle.net/20.500.12327/952</subfield>
   </datafield>
   <datafield ind1="8" ind2=" " tag="024">
      <subfield code="a">https://doi.org/10.7203/metode.10.12546</subfield>
   </datafield>
   <datafield ind2="0" ind1="0" tag="245">
      <subfield code="a">The agriculture of the future: Science and technology for sustainable agricultural development</subfield>
   </datafield>
</record></metadata></record></GetRecord></OAI-PMH>